MARC

LEADER 00000nam0a2200000 4500
001 129627
005 20231101220205.0
010 |a 0748406603 
035 |a (RuTPU)RU\TPU\book\140314 
090 |a 129627 
100 |a 20080125d1997 k y0engy50 ba 
101 0 |a eng 
102 |a US 
105 |a y z 001zy 
200 1 |a Introductory Solid State Physics  |f H. P. Myers 
205 |a 2nd ed. 
210 |a New York  |c CRC Press  |d 2002 
215 |a 522 p. 
320 |a Index: p. 511-522. 
606 1 |a Физика твердого тела  |2 stltpush  |3 (RuTPU)RU\TPU\subj\63727  |9 80702 
610 1 |a физика 
610 1 |a твердые тела 
610 1 |a свойства 
610 1 |a структура 
610 1 |a электрические свойства 
610 1 |a магнитные свойства 
610 1 |a оптические свойства 
610 1 |a учебные пособия 
675 |a 539.2(07)  |v 3 
700 1 |a Myers  |b H. P. 
801 1 |a RU  |b 63413507  |c 20080125  |g PSBO 
801 2 |a RU  |b 63413507  |c 20150305  |g PSBO 
942 |c BK